|
|
|
|
| LEADER |
00000nam0a2200000 4500 |
| 001 |
368181 |
| 005 |
20241202165637.0 |
| 035 |
|
|
|a (RuTPU)RU\TPU\retro\25544
|
| 090 |
|
|
|a 368181
|
| 100 |
|
|
|a 20220401d1979 km y0rusy50 ca
|
| 101 |
0 |
|
|a rus
|
| 102 |
|
|
|a UA
|
| 105 |
|
|
|a y z 100zy
|
| 200 |
1 |
|
|a Петрология и корреляция кристаллических комплексов Восточно-Европейской платформы
|e тезисы докладов III регионального петрографического совещания, Днепропетровскк, сентябрь 1979 г.
|f Академия наук Украинской ССР, Институт геохимии и физики минералов ; Днепропетровский государственный университет ; Днепропетровский горный институт ; под ред. И.С. Усенко
|
| 210 |
|
|
|a Киев
|c Наукова думка
|d 1979
|
| 215 |
|
|
|a 276 с.
|
| 606 |
1 |
|
|a Геологические формации, магматические
|2 stltpush
|3 (RuTPU)RU\TPU\subj\6087
|9 34047
|
| 610 |
1 |
|
|a совещания
|
| 610 |
1 |
|
|a петрография
|
| 610 |
1 |
|
|a кристалические комплексы
|
| 610 |
1 |
|
|a корреляция
|
| 610 |
1 |
|
|a Восточно-Европейская платформа
|
| 610 |
1 |
|
|a метаморфические горные породы
|
| 610 |
1 |
|
|a докембрий
|
| 610 |
1 |
|
|a интрузивные массивы
|
| 610 |
1 |
|
|a вещественный состав
|
| 610 |
1 |
|
|a металлогения
|
| 675 |
|
|
|a 552.3(063)
|v 4
|
| 702 |
|
1 |
|a Усенко
|b И.С.
|4 340
|
| 712 |
0 |
2 |
|a Академия наук Украинской ССР
|b Институт геохимии и физики минералов
|7 ca
|8 rus
|c Киев
|c 1969-1993
|2 stltpush
|3 (RuTPU)RU\TPU\col\13747
|9 25770
|
| 712 |
0 |
2 |
|a Днепропетровский государственный университет
|c (Днепропетровск, Украина)
|c (1918-2016)
|2 stltpush
|3 (RuTPU)RU\TPU\col\11280
|9 25016
|
| 712 |
0 |
2 |
|a Днепропетровский горный институт
|c (1923-1993)
|2 stltpush
|3 (RuTPU)RU\TPU\col\13485
|9 25689
|
| 712 |
1 |
2 |
|a Петрология и корреляция кристаллических комплексов Восточно-Европейской платформы
|c совещания
|d 3
|e Днепропетровск
|f 1979
|4 570
|
| 801 |
|
1 |
|a RU
|b 63413507
|c 20220401
|
| 942 |
|
|
|c BK
|